000 00632nam a2200169 4500
008 060619s1993 hk a b 000 0 chi d
020 _a9624570558 :
090 _aBT75.2
_bM17u
_b1993
100 1 _aMcGrath, Alister E.,
_d1953-
245 1 0 _aUnderstanding doctrine {ch} :
_bits purpose and relevance for today /
_cAlister E. McGrath.
260 _aHong Kong :
_bLogos Publishers,
_c1993.
300 _aii, 161 p. :
_bill. ;
_c22 cm.
490 1 _aPu ji shen xue cong shu.
650 4 _aTheology, Doctrinal {ch}.
740 0 2 _aJin ri Jidu jiao jiao yi.
951 _pC-7640
_x00033328
_oBT75.2/M17u/1993
_j070613111557359
_d2000-12-21
_cCH
999 _c26846
_d26846